Diccionari de la transició energètica: Energia de la A a la Z (Registre núm. 68154)
[ vista simple ]
| 000 -CABECERA | |
|---|---|
| campo de control de longitud fija | 00931nam a22003617a 4500 |
| 005 - FECHA Y HORA DE LA ÚLTIMA TRANSACCIÓN | |
| campo de control | 20240611111233.0 |
| 008 - DATOS DE LONGITUD FIJA--INFORMACIÓN GENERAL | |
| campo de control de longitud fija | 220518s2022 cat |
| 017 ## - NÚMERO DE COPYRIGHT O DE DEPÓSITO LEGAL | |
| Número de copyright o de depósito legal | B-5841-2022 |
| 020 ## - NÚMERO INTERNACIONAL ESTÁNDAR DEL LIBRO | |
| Número Internacional Estándar del Libro | 9788412481938 |
| 040 ## - FUENTE DE LA CATALOGACIÓN | |
| Centro/agencia transcriptor | termcat |
| 041 ## - CÓDIGO DE LENGUA | |
| Código de lengua del texto/banda sonora o título independiente | cat |
| 100 ## - ENTRADA PRINCIPAL--NOMBRE DE PERSONA | |
| 9 (RLIN) | 75171 |
| Nombre de persona | Salat, Salvador |
| 245 ## - MENCIÓN DE TÍTULO | |
| Título | Diccionari de la transició energètica: Energia de la A a la Z |
| Mención de responsabilidad, etc. | Salvador Salat |
| 260 ## - PUBLICACIÓN, DISTRIBUCIÓN, ETC. | |
| Lugar de publicación, distribución, etc. | Barcelona |
| Nombre del editor, distribuidor, etc. | Clipmèdia Edicions |
| Fecha de publicación, distribución, etc. | 2022 |
| 300 ## - DESCRIPCIÓN FÍSICA | |
| Extensión | 222 p. |
| 365 ## - PRECIO COMERCIAL | |
| Cantidad | 17.95 |
| Código de moneda | € |
| 520 ## - SUMARIO, ETC. | |
| Nombre de termes | 117 |
| 546 ## - NOTA DE LENGUA/LENGUAJE | |
| Llengües de les definicions | català |
| 591 ## - Codi de font | |
| Codi de font | 10883 |
| 592 ## - Tipus d'obra | |
| Tipus d'obra | Obra terminològica |
| 593 ## - Codi de la CGAT | |
| Codi de la CGAT | DN |
| 593 ## - Codi de la CGAT | |
| Codi de la CGAT | DNG |
| 593 ## - Codi de la CGAT | |
| Codi de la CGAT | GQ |
| 594 ## - Número de document | |
| Número de document | 10883 |
| 650 #0 - PUNTO DE ACCESO ADICIONAL DE MATERIA--TÉRMINO DE MATERIA | |
| 9 (RLIN) | 61514 |
| Término de materia o nombre geográfico como elemento de entrada | energia |
| 650 #0 - PUNTO DE ACCESO ADICIONAL DE MATERIA--TÉRMINO DE MATERIA | |
| 9 (RLIN) | 67242 |
| Término de materia o nombre geográfico como elemento de entrada | gestió ambiental |
| 650 #0 - PUNTO DE ACCESO ADICIONAL DE MATERIA--TÉRMINO DE MATERIA | |
| 9 (RLIN) | 69375 |
| Término de materia o nombre geográfico como elemento de entrada | canvi climàtic |
| 852 ## - LOCALIZACIÓN | |
| Ubicación en estantería | GQ 52 |
| 902 ## - ELEMENTOS DE DATOS B LOCAL, LDB (RLIN) | |
| a | 220518 |
| 942 ## - ELEMENTOS DE PUNTO DE ACCESO ADICIONAL (KOHA) | |
| Fuente del sistema de clasificación o colocación | Clasificación Decimal Dewey |
| Tipo de ítem Koha | Monografia |
| Suprimir en OPAC | 0 |
| Estado de retiro | Estado de pérdida | Fuente del sistema de clasificación o colocación | Estado dañado | No para préstamo | Localización permanente | Ubicación/localización actual | Fecha de adquisición | Signatura topográfica completa | Código de barras | Fecha visto por última vez | Precio válido a partir de | Tipo de ítem Koha |
|---|---|---|---|---|---|---|---|---|---|---|---|---|
| Clasificación Decimal Dewey | Termcat | Termcat | 18/05/2022 | GQ 52 | P_68167 | 18/05/2022 | 18/05/2022 | Monografia |